000 00672nam a2200253Ia 4500
003 OSt
005 20220925180501.0
006 a|||||r|||| 00| 0
007 ta
008 220923b |||||||| |||| 00| 0 eng d
037 _cGeneral Book
040 _aRTL
_cRTL
_beng
041 _2eng
_aeng
082 _aH, L2
100 _aCass I G Ed.
_9251417
245 0 _aUnderstanding the earth
_b A reader in the earth s
250 _aEd 2nd
260 _aCambridge
_bMIT Press
_c1972
300 _a382p.
_ccm.
500 _aGlossary p. 372-74
650 _aGeology
_915465
942 _hH, L2
_cGB
_2CC
999 _c496672
_d496672